000 02638nam a2200349 a 4500
001 ebr10676673
003 CaPaEBR
006 m u
007 cr cn|||||||||
008 110609s2012 nyu sb 001 0 eng d
010 _z 2011024535
020 _z9781614705055 (hardcover)
020 _z1614705054 (hardcover)
020 _z9781614706618 (e-book)
040 _aCaPaEBR
_cCaPaEBR
035 _a(OCoLC)829713897
050 1 4 _aHV6250.25
_b.P793 2012eb
082 0 4 _a362.8801/9
_223
245 0 0 _aPsychology of victimization
_h[electronic resource] /
_cAudrey N. Hutcherson, editor.
260 _aNew York :
_bNova Science Publishers,
_cc2012.
300 _ax, 232 p.
490 1 _aPsychology of emotions, motivations and actions
504 _aIncludes bibliographical references and index.
505 0 _aFact or fiction? : discriminating true and false allegations of victimization / Kristine A. Peace, Krista L. Brower, Ryan D. Shudra -- Bank employees don't go to heaven : processes of victimization of bank employees for violent crimes / Eduardo Paes-Machado, Ana Marcia Nascimento -- Victims of cyber bullying : similarities and differences with victims of traditional bullying / Juliana Raskauskas, Todd Migliaccio -- Effects of bullying victimization from childhood to young adulthood / Maura Rossi, Luca Bernardo, Cecilia Sterpa, Alberto Ottolini -- Cyber victimization and psychosocial adjustment in youth / Susanne K. Long, Michael L. Sulkowski, Allison G. Dempsey -- Cyberbullying in Germany : what we know about the victims / Catarina Katzer -- The long term impact of victimization in cases of historical child sexual abuse and intimate partner violence / Susan Rodger, Alan Leschied -- A conservative is a liberal urban dweller who has been mugged : a longitudinal study on the links between victimization and voting preferences / Silvia Russo, Michele Roccato, Alessio Vieno and others -- Peer reputations and peer victimization / Dario Bacchini, Gaetana Affuso -- Psychology of victimization / Jose Carlos Assi Kimou -- Psychology of victimization / Jennifer M. Knack.
533 _aElectronic reproduction.
_bPalo Alto, Calif. :
_cebrary,
_d2013.
_nAvailable via World Wide Web.
_nAccess may be limited to ebrary affiliated libraries.
650 0 _aVictims of crimes
_xPsychology.
655 7 _aElectronic books.
_2local
700 1 _aHutcherson, Audrey N.
710 2 _aebrary, Inc.
830 0 _aPsychology of emotions, motivations, and actions series.
856 4 0 _uhttp://site.ebrary.com/lib/rucke/Doc?id=10676673
_zAn electronic book accessible through the World Wide Web; click to view
999 _c166444
_d166444